Za ďalšie skvalitňovanie rýchly rast životnej úrovne-

Bibliographic Details
Main Author: Kolcun, Š. (Author)
Format: Article
Language:Slovak
Subjects:

MARC

LEADER 00000nab a2200000 a 4500
001 vtls009147264
003 SK-MaSNL
005 20260305033201.0
008 071008 1975 xo w n 000 0 slo
038 |a SLLK 
040 |a SLLK  |b slo  |c sllk  |e AACR2 
041 0 |a slo 
044 |a xo  |c SK 
080 |a 911.372.7  |2 1997 
100 1 |a Kolcun, Š.  |4 aut  |9 794516 
245 1 0 |a Za ďalšie skvalitňovanie  |b rýchly rast životnej úrovne-  |c Š. Kolcun 
648 7 |a 1975  |2 snkbucl  |9 281939 
650 0 7 |a služby obyvateľstvu  |2 snkbucl  |9 273415 
650 0 7 |a občianska infraštruktúra  |2 snkbucl  |9 1331882 
650 0 7 |a vybavenosť obce  |2 snkbucl  |9 1017465 
651 7 |a Stará Ľubovňa (Slovensko : okres)  |2 snkbucl  |9 19196 
773 0 |t Ľubovnianske noviny  |g Roč. I, č. 5 (1975), s. 1 a 2 
852 |a SLLK  |b KIS3GCP 
999 |c 3323217  |d 3325147